000 00478nam a22001577a 4500
005 20260428133830.0
008 260428b |||||||| |||| 00| 0 eng d
020 _a0435900358
050 _aPR9369.3
_b.L34
100 _aAlex La Guma
245 _aA Walk in the Night
260 _aIBADAN
_bHEINEMANN EDUCATIONAL BOOKS NIGERIA PLC
_c2004
300 _a136p.
650 _aEnglish Literature
_vClass struggle and socio-economic inequality
_xEnglish Literature Fiction
942 _cBK
999 _c4726
_d4726